Marine and Coastal Access Bill (Record no. 116229)

MARC details
000 -LEADER
fixed length control field 01522cad a22002655a 4500
001 - CONTROL NUMBER
control field L160114
008 - FIXED-LENGTH DATA ELEMENTS--GENERAL INFORMATION
fixed length control field 100611s2009 xxk f 000 0 eng d
035 ## - SYSTEM CONTROL NUMBER
System control number (Sirsi) u160114
041 0# - LANGUAGE CODE
Language code of text/sound track or separate title eng
110 2# - MAIN ENTRY--CORPORATE NAME
Corporate name or jurisdiction name as entry element Federation International Des Geometres
111 2# - MAIN ENTRY--MEETING NAME
Meeting name or jurisdiction name as entry element FIG Regional Conference
Number [OBSOLETE] Hanoi, Vietnam
Date of meeting or treaty signing 19-22 October 2009
245 00 - TITLE STATEMENT
Title Marine and Coastal Access Bill
Remainder of title Coastal planning
Medium [electronic resource]
260 ## - PUBLICATION, DISTRIBUTION, ETC.
Place of publication, distribution, etc. Hanoi
Name of publisher, distributor, etc. FIG
Date of publication, distribution, etc. 2009
520 ## - SUMMARY, ETC.
Summary, etc. The Marine and Coastal Access Bill provides for a new system of marine planning that will be a key tool in helping the UK Government deliver its vision for the Marine Environment. This Bill is set to steer a broad range of choice for decisions about the future of marine administration but central to reform is the adoption of a system of Marine Spatial Planning (MSP). Focussing on the coastal zone, this paper will outline how the Bill intends to improve planning and management upon the coastal zone, to deliver a range of benefits and resolve many of the current difficulties with marine decision-making notably success will be informed by marine spatial data.
521 ## - TARGET AUDIENCE NOTE
Target audience note Advanced
590 ## - LOCAL NOTE (RLIN)
Local note KA
650 24 - SUBJECT ADDED ENTRY--TOPICAL TERM
Topical term or geographic name entry element MARINE ENVIRONMENT
650 24 - SUBJECT ADDED ENTRY--TOPICAL TERM
Topical term or geographic name entry element SPATIAL PLANNING
650 24 - SUBJECT ADDED ENTRY--TOPICAL TERM
Topical term or geographic name entry element COASTAL ZONE PLANNING
651 #4 - SUBJECT ADDED ENTRY--GEOGRAPHIC NAME
Geographic name United Kingdom
690 ## - LOCAL SUBJECT ADDED ENTRY--TOPICAL TERM (OCLC, RLIN)
Topical term or geographic name as entry element Geospatial
9 (RLIN) 6243
700 1# - ADDED ENTRY--PERSONAL NAME
Personal name Dumashie, Diane
856 40 - ELECTRONIC LOCATION AND ACCESS
Uniform Resource Identifier <a href="https://www.rics.org/Global/Downloads/RICS_FIG_Marine__Coastal_Access_Bill.pdf">https://www.rics.org/Global/Downloads/RICS_FIG_Marine__Coastal_Access_Bill.pdf</a>
Public note View the paper free of charge at www.rics.org
942 ## - ADDED ENTRY ELEMENTS (KOHA)
Suppress in OPAC 0
Holdings
Withdrawn status Lost status Source of classification or shelving scheme Damaged status Not for loan Home library Current library Shelving location Date acquired Total Checkouts Full call number Barcode Date last seen Copy number Price effective from Koha item type
    Dewey Decimal Classification     London London Online 24/05/2018   ONLINE PUBLICATION 160114-1001 06/08/2019 1 06/08/2019 Book